| 000 | 00441nam a22001217a 4500 | ||
|---|---|---|---|
| 040 | _cRUA | ||
| 082 | _aVEM HUN 2025 B705 Or.1 | ||
| 100 | _aHUN SIDA, ហ៊ុន ស៊ីថា | ||
| 245 | _aCase Of Ovariohysterectomy In Canines at Siem Reap Province, ករណីក្រៀវសុនខីនៅខេត្តសៀមរាប | ||
| 260 |
_aPHNOM PENH _bRUA _c2025 |
||
| 300 |
_ax, 41p. _bill. _c29cm. |
||
| 942 | _cសារណាបទ | ||
| 999 |
_c25560 _d25560 |
||